000 00739nam a2200229Ii 4500
003 JO-AjNU
008 230605s9999||||xx |||||||||||||| ||und||
017 _a2004/9/2251
020 _a9957-16-052-4
040 _aJO-AjNU
_bara
_erda
_cJO-AjNU
041 _aara
050 1 4 _aKMM166.3.A2822.2009
100 3 _a العبودي ، عباس ,
_eauthor
_912454
245 0 0 _aشرح أحكام قانون أصول المحاكمات المدنية
250 _aط1
264 3 1 _aعمان : دار الثقافة ، 2009
300 _a445ص
336 _atext
_btxt
_2rdacontent
337 _aunmediated
_bn
_2rdamedia
338 _avolume
_bnc
_2rdacarrier
650 4 _aالقانون المدني -- أصول المحاكمات
_912455
999 _aA2844
_c6412
_d6412